| 000 | 00592nam a22001817a 4500 | ||
|---|---|---|---|
| 999 |
_c3486 _d3486 |
||
| 003 | URS | ||
| 005 | 20220114142525.0 | ||
| 008 | 191211s2006 a|||| |||| 00| 0 eng d | ||
| 020 | _a0717212254 | ||
| 040 |
_cURS _beng _drda |
||
| 050 | 1 | 4 |
_aQ 163 _b.N53211 2006 |
| 245 | 0 | 4 | _aThe new book of popular science |
| 260 |
_aGroiler International Incorporation: _bScholastic library Publishing Incorporation; _c[2006] |
||
| 300 |
_aiv 498 pages: _bwith illustration; _c26 cm. |
||
| 504 | _aIncludes Bibliographical References and Index | ||
| 650 | _aScience-Encyclopedias,Juvenille | ||
| 942 |
_2lcc _cREF |
||